| 000 | 00375nam a2200157Ia 4500 | ||
|---|---|---|---|
| 008 | 210210b1907 xxu||||| |||| 00| 0 eng d | ||
| 041 | _aeng | ||
| 082 | _a825/391 | ||
| 100 | _aGUMMERE (F B) | ||
| 245 | _aPopular ballad | ||
| 260 |
_aBoston _bHoughton Mifflin Company., _c1907 |
||
| 650 | _aPopular | ||
| 650 | _aballad | ||
| 690 | _aEnglish Criticism | ||
| 906 | _a014707 | ||
| 999 |
_c133921 _d133921 |
||